New platform for the learning society over continents Modern european philosophy of lifelong learning

Salvato in:
Dettagli Bibliografici
Autore principale: Tkáčiková, Jarmila
Natura: Capitolo di libro
Lingua:inglese
Tags: Aggiungi Tag
Nessun Tag, puoi essere il primo ad aggiungerne!!

MARC

LEADER 00000nla a2200000 4500
001 0161908
005 20240502083400.3
041 0 |a eng 
044 |a CA 
245 1 0 |a New platform for the learning society over continents Modern european philosophy of lifelong learning  |c Jarmila Tkáčiková 
500 |a Prezentácia 
100 1 |a Tkáčiková, Jarmila